[Event "4th FIDE GP"]
[Site "Nalchik RUS"]
[Date "2009.04.19"]
[Round "5"]
[White "Bacrot,E"]
[Black "Eljanov,P"]
[Result "1/2-1/2"]
[WhiteElo "2728"]
[BlackElo "2693"]

1.e4 e5 2.Nf3 Nc6 3.Bb5 a6 4.Ba4 Nf6 5.O-O Be7 6.Re1 b5 7.Bb3 d6 8.c3 O-O
9.h3 Bb7 10.d4 Re8 11.Nbd2 Bf8 12.d5 Nb8 13.Nf1 Nbd7 14.N3h2 Nc5 15.Bc2 c6
16.b4 Ncd7 17.dxc6 Bxc6 18.Bg5 Qc7 19.Bxf6 Nxf6 20.Ng4 Nxg4 21.hxg4 a5 22.bxa5 Qb7
23.Ne3 Rxa5 24.Bb3 Bxe4 25.Nd5 Bxd5 26.Bxd5 Qc7 27.Rb1 Be7 28.Qd3 Qc5 29.Re3 g6
30.Rh3 Bf8 31.Rb4 Bg7 32.g5 Re7 33.Rbh4 Ra4 34.Rxa4 bxa4 35.Rh4 Qa3 36.Qc2 Qc5
37.Qd3 Qa3 38.Qc2 Qc5 39.Qd3 Qa3  1/2-1/2

[Event "16th ch-Asian Cities Dubai Cup"]
[Site "Beirut LIB"]
[Date "2009.04.23"]
[Round "9"]
[White "Albonni,A"]
[Black "Gameel,M"]
[Result "1-0"]
[WhiteElo "2202"]
[BlackElo "2190"]

1.e4 e5 2.Nf3 Nc6 3.Bb5 a6 4.Ba4 Nf6 5.O-O Be7 6.Re1 b5 7.Bb3 O-O 8.h3 d6
9.c3 Bb7 10.a4 Na5 11.Bc2 c5 12.d4 cxd4 13.cxd4 Qc7 14.d5 Bc8 15.axb5 Rb8
16.bxa6 Bd7 17.b3 Rfc8 18.Kh2 Bd8 19.Bd2 Qc5 20.Re3 Qb5 21.Qe1 Ra8 22.Bd3 Qxb3
23.Ra3 Qb2 24.Bc3 Rxc3 25.Rxc3 Qb6 26.Nbd2 Rc8 27.Qa1 Qb4 28.Re1  1-0

[Event "84th ch-ARG Semifinal"]
[Site "La Plata ARG"]
[Date "2009.04.30"]
[Round "1"]
[White "Sanchez,Ch"]
[Black "Mareco,S"]
[Result "0-1"]
[WhiteElo "2062"]
[BlackElo "2503"]

1.e4 e5 2.Nf3 Nc6 3.Bb5 a6 4.Ba4 Nf6 5.O-O Be7 6.Re1 b5 7.Bb3 d6 8.c3 O-O
9.h3 Bb7 10.d3 Na5 11.Bc2 c5 12.Nbd2 Re8 13.Nf1 Bf8 14.Bg5 h6 15.Bh4 c4 16.d4 g5
17.Bg3 exd4 18.Nxd4 Nxe4 19.Nf5 Qf6 20.Bxe4 Rxe4 21.Rxe4 Bxe4 22.Nxd6 Bd3
23.Qf3 Qxf3 24.gxf3 f5 25.Be5 Nc6 26.f4 Rd8  0-1

[Event "FSFMB May"]
[Site "Budapest HUN"]
[Date "2009.05.04"]
[Round "3"]
[White "Mendege,A"]
[Black "Szoukup,I"]
[Result "1-0"]
[WhiteElo "1818"]
[BlackElo "1839"]

1.e4 e5 2.Nf3 Nc6 3.Bb5 a6 4.Ba4 Nf6 5.O-O Be7 6.Re1 b5 7.Bb3 O-O 8.h3 Bb7
9.c3 d6 10.d4 Re8 11.d5 Na5 12.Bc2 Nc4 13.b3 Nb6 14.Nbd2 Bf8 15.Bd3 Nfd7
16.Nf1 Nc5 17.Ng3 Nxd3 18.Qxd3 g6 19.Nd2 Nd7 20.c4 Nc5 21.Qe2 Qd7 22.Ndf1 Bg7
23.Bb2 Kh8 24.Ne3 Rg8 25.Rf1 Raf8 26.f4 Qe8 27.f5 f6 28.fxg6 Qxg6 29.Nef5 Bc8
30.Rf3 Bxf5 31.Nxf5 bxc4 32.bxc4 Re8 33.Ba3 Nd7 34.Rb1 Rb8 35.Rxb8 Rxb8 36.Rg3  1-0

[Event "84th ch-ARG Semifinal"]
[Site "La Plata ARG"]
[Date "2009.05.06"]
[Round "9"]
[White "Perez Ponsa,F"]
[Black "Mareco,S"]
[Result "1-0"]
[WhiteElo "2390"]
[BlackElo "2503"]

1.e4 e5 2.Nf3 Nc6 3.Bb5 a6 4.Ba4 Nf6 5.O-O b5 6.Bb3 Be7 7.Re1 d6 8.c3 O-O
9.h3 Bb7 10.d4 Re8 11.Nbd2 Bf8 12.a4 h6 13.d5 Ne7 14.c4 c6 15.axb5 axb5 16.Rxa8 Qxa8
17.dxc6 Nxc6 18.cxb5 Nb4 19.Qe2 Rc8 20.Nc4 Nd7 21.Bd2 d5 22.Ncxe5 Nxe5 23.Nxe5 Nc2
24.Qh5 Nxe1 25.Qxf7+ Kh7 26.exd5 Re8 27.Ng4 Kh8 28.Nxh6  1-0

[Event "2nd Mayors Cup"]
[Site "Mumbai IND"]
[Date "2009.05.09"]
[Round "10"]
[White "Satyapragyan,S"]
[Black "Babu,NS"]
[Result "1/2-1/2"]
[WhiteElo "2428"]
[BlackElo "2341"]

1.e4 e5 2.Nf3 Nc6 3.Bb5 a6 4.Ba4 Nf6 5.O-O Be7 6.Re1 b5 7.Bb3 d6 8.c3 O-O
9.h3 Bb7 10.d4 Re8 11.Nbd2 Bf8 12.a3 g6 13.Ba2 Bg7 14.d5 Ne7 15.b4 a5 16.bxa5 Rxa5
17.c4 c6 18.dxc6 Bxc6 19.Rb1 Qc7 20.Ng5 Rf8 21.Rb4 Nc8 22.Qb3 bxc4 23.Nxc4 Ra8  1/2-1/2

[Event "Mitropa Cup"]
[Site "Rogaska Slatina SLO"]
[Date "2009.05.14"]
[Round "6"]
[White "Cernousek,L"]
[Black "Borisek,J"]
[Result "1/2-1/2"]
[WhiteElo "2439"]
[BlackElo "2581"]

1.e4 e5 2.Nf3 Nc6 3.Bb5 a6 4.Ba4 Nf6 5.O-O Be7 6.Re1 b5 7.Bb3 d6 8.c3 O-O
9.h3 Bb7 10.d4 Re8 11.Ng5 Rf8 12.Nf3 h6 13.Nbd2 Re8 14.Bc2 Bf8 15.a4 Nb8
16.Bd3 c6 17.b3 Nbd7 18.Qc2 Qc7 19.Bb2 Rac8 20.Rad1 Qb8 21.Ba1 g6 22.b4 Nh5
23.g3 Ng7 24.Qa2 Ne6 25.c4 exd4 26.cxb5 axb5 27.Nxd4 bxa4 28.Nxe6 Rxe6  1/2-1/2

[Event "8th Asian Continental Open"]
[Site "Subic Bay PHI"]
[Date "2009.05.16"]
[Round "4"]
[White "Yu Shaoteng"]
[Black "Irwanto,S"]
[Result "1-0"]
[WhiteElo "2504"]
[BlackElo "2447"]

1.e4 e5 2.Nf3 Nc6 3.Bb5 a6 4.Ba4 Nf6 5.O-O Be7 6.Re1 b5 7.Bb3 d6 8.c3 O-O
9.h3 Bb7 10.d4 Re8 11.Nbd2 Bf8 12.d5 Nb8 13.Nf1 Nbd7 14.N3h2 Nc5 15.Bc2 c6
16.b4 Ncd7 17.dxc6 Bxc6 18.Bg5 h6 19.Bxf6 Nxf6 20.Ng4 Nxg4 21.Qxg4 Bd7 22.Qf3 Rc8
23.Bb3 Be6 24.Red1 a5 25.Qd3 Qc7 26.Rac1 Bxb3 27.axb3 axb4 28.Ne3 bxc3 29.Qxb5 Qa7
30.Qd3 Qb7 31.Qc2 Rc5 32.Nd5 Rec8 33.Rd3 Be7 34.Rb1 Bg5 35.b4 Rc4 36.Rxc3 Rxc3
37.Nxc3 Qc6 38.Rb3 Qc4 39.Qb1 Qd4 40.Ne2 Qb6 41.Qd3 Ra8 42.Rb1 Ra2 43.Qc4 Rd2
44.g3 g6 45.Kf1 Kg7 46.h4 d5 47.exd5 Qf6 48.hxg5 Qf3 49.gxh6+ Kh7 50.Ke1 Rxd5
51.Ng1 Qf5 52.Rc1 Rd4 53.Qb3 Qe4+ 54.Kf1 Qb7 55.b5 Kxh6 56.b6 Rd7 57.Qe3+ Kh7
58.Qxe5 Qxb6 59.Nf3 f6 60.Qe8 Rc7 61.Rd1 Qc6 62.Qd8 Rf7 63.Kg2 g5 64.Rh1+ Kg6
65.Qh8 Rg7 66.Qh5+ Kf5 67.Re1 Qb7 68.Kg1  1-0

[Event "Global Chess"]
[Site "Ulan Bator MGL"]
[Date "2009.05.24"]
[Round "10"]
[White "Tuvshintugs,B"]
[Black "Erkhembayar,D"]
[Result "1/2-1/2"]
[WhiteElo "2286"]
[BlackElo "2343"]

1.e4 e5 2.Nf3 Nc6 3.Bb5 a6 4.Ba4 Nf6 5.O-O b5 6.Bb3 Be7 7.Re1 O-O 8.c3 d6
9.h3 Re8 10.Ng5 Rf8 11.Nf3 Re8 12.Ng5 Rf8 13.Nf3 Bb7 14.d4 Re8 15.Nbd2 Bf8
16.a4 Nb8 17.axb5 axb5 18.Rxa8 Bxa8 19.Ng5 Re7 20.d5 h6 21.Ngf3 c6 22.dxc6 Qc7
23.Nf1 Bxc6 24.Ng3 g6 25.Nh4 Kh7 26.Nf3 Kg8 27.Nh2 Kh7 28.Ng4 Nxg4 29.Qxg4 Nd7
30.Qh4  1/2-1/2

[Event "59th ch-RUS w HL"]
[Site "Voronezh RUS"]
[Date "2009.06.07"]
[Round "7"]
[White "Severiukhina,Z"]
[Black "Kovanova,B"]
[Result "0-1"]
[WhiteElo "2332"]
[BlackElo "2398"]

1.e4 e5 2.Nf3 Nc6 3.Bb5 a6 4.Ba4 Nf6 5.O-O Be7 6.Re1 b5 7.Bb3 d6 8.c3 O-O
9.h3 Bb7 10.d4 Nd7 11.Nbd2 exd4 12.cxd4 Bf6 13.Nf1 Na5 14.Bc2 Re8 15.Qd3 Nf8
16.N1h2 c5 17.Ng4 Nc6 18.Nxf6+ Qxf6 19.Bg5 Qg6 20.d5 Nb4 21.Qd2 h6 22.Bf4 Nxc2
23.Qxc2 Bxd5 24.Nh4 Qf6 25.Bxd6 Bxe4 26.Rxe4 Qxd6 27.Rd1 Qf6 28.Rg4 h5 29.Re4 g6
30.Nf3 Qf5 31.Re2 Qxc2 32.Rxc2 Rac8 33.Rd5 c4 34.a4 Red8 35.Re5 Rb8 36.axb5 axb5
37.Re7 Rd7 38.Rce2 b4 39.R7e4 Rc7 40.Rc2 c3 41.Re3 cxb2 42.Rxb2 Ne6 43.Nd2 Nc5
44.Rc2 Ne6 45.Rb2 Kg7 46.Re4 Rcb7 47.Nb3 Rd7 48.Kh2 Rb5 49.Rc2 Rd3 50.Re3 Rxe3
51.fxe3 Rb7 52.Kg3 Rc7 53.Rxc7 Nxc7 54.Kf4 Kf6 55.g4 Ne6+ 56.Kg3 hxg4 57.hxg4 Ke5
58.Kf3 Kd5 59.Nd2 g5 60.Ke2 Nc5 61.Nf3 f6 62.Nd4 b3 63.Kd2 Ke4  0-1

[Event "FSIMB June"]
[Site "Budapest HUN"]
[Date "2009.06.10"]
[Round "5"]
[White "Farago,S"]
[Black "Binder,Mi"]
[Result "0-1"]
[WhiteElo "2255"]
[BlackElo "2184"]

1.e4 e5 2.Nf3 Nc6 3.Bb5 a6 4.Ba4 Nf6 5.O-O Be7 6.Re1 b5 7.Bb3 d6 8.c3 O-O
9.h3 Bb7 10.d4 Re8 11.Nbd2 Bf8 12.d5 Nb8 13.c4 c6 14.dxc6 Bxc6 15.cxb5 axb5
16.Nf1 h6 17.Ng3 Nbd7 18.Nh2 Nc5 19.Bc2 d5 20.exd5 Qxd5 21.Nf3 Qxd1 22.Rxd1 Bd5
23.Re1 Bb3 24.Be4 Ncxe4 25.Nxe4 Nxe4 26.Rxe4 f6 27.a3 Rad8 28.Re1 Rd3 29.Be3 Rc8
30.Rac1 Rdd8 31.Nd2 Bd5 32.Bb6 Re8 33.Nf1 Kf7 34.Ne3 Bb3 35.Ba5 Bd6 36.Nf5 Bb8
37.Rc3 Rxc3 38.bxc3 Be6 39.Ne3 Ba7 40.Rb1 Rb8 41.g4 g6 42.Kg2 Bd7 43.Rd1 Bc6+
44.Kf1 Rc8 45.Ke2 Ke6 46.Bb4 Bb8 47.f3 Bc7 48.Rc1 Bb6 49.h4 Rg8 50.Rh1 h5
51.Rd1 Rd8 52.Rg1 hxg4 53.Rxg4 Kf7 54.Ng2 Bd7 55.Rg3 Rh8 56.f4 exf4 57.Rd3 Bg4+
58.Kf1 Be6 59.Rf3 Bc4+ 60.Ke1 Re8+  0-1

[Event "XLIV Capablanca Memorial Open"]
[Site "Havana CUB"]
[Date "2009.06.17"]
[Round "9"]
[White "Linares Napoles,O"]
[Black "Martin Rosabal,N"]
[Result "1-0"]
[WhiteElo "2295"]
[BlackElo "1982"]

1.e4 e5 2.Nf3 Nc6 3.Bb5 a6 4.Ba4 Nf6 5.O-O Be7 6.Re1 b5 7.Bb3 d6 8.c3 O-O
9.h3 Bb7 10.d4 Re8 11.Nbd2 Bf8 12.Bc2 g6 13.d5 Nb8 14.b3 Nbd7 15.Nf1 c6 16.c4 bxc4
17.bxc4 Qc7 18.Bd2 Rec8 19.Rc1 Rab8 20.Ng3 c5 21.Nh2 Bg7 22.Bg5 Ba8 23.Bb3 h6
24.Bd2 Kh7 25.Rc3 Re8 26.Rf3 Bb7 27.Qc1 Re7 28.Ng4 Ng8 29.Ne3 f6 30.h4 h5
31.Ngf1 Nh6 32.Nh2 Rf8 33.Bc2 Bc8 34.g4 hxg4 35.Nhxg4 Nb8 36.Nxh6 Bxh6 37.h5 gxh5
38.Nf5 Bxd2 39.Qxd2 Bxf5 40.Rxf5 Rg7+ 41.Kf1 Kg6 42.Ke2 Rh8 43.Qc3 Kf7 44.Qf3 Rh6
45.Rxh5 Rhg6 46.Qf5 Qe7 47.Rb1 Qe8 48.Qe6+  1-0

[Event "Petr Izmailov Mem"]
[Site "Tomsk RUS"]
[Date "2009.06.28"]
[Round "5"]
[White "Pushkarev,D"]
[Black "Ainutdinova,Y"]
[Result "1-0"]
[WhiteElo "2424"]
[BlackElo "1887"]

1.e4 e5 2.Nf3 Nc6 3.Bb5 a6 4.Ba4 Nf6 5.O-O Be7 6.Re1 b5 7.Bb3 d6 8.c3 O-O
9.h3 Bb7 10.d4 Re8 11.Nbd2 Bf8 12.a3 h6 13.Bc2 Nb8 14.b4 Nbd7 15.Bb2 exd4
16.cxd4 a5 17.e5 Nd5 18.Nb3 axb4 19.Qd3 g6 20.Qxb5 bxa3 21.Bxa3 N7b6 22.Nbd2 Qd7
23.Qb3 Nf4 24.Ne4 Bxe4 25.Rxe4 Ne6 26.exd6 cxd6 27.Ree1 Reb8 28.Bxg6 fxg6
29.Rxe6 Kh7 30.Rae1 Qf7 31.Re7 Qxe7 32.Rxe7+ Bxe7 33.Qf7+ Kh8 34.Qxe7  1-0

[Event "Lake Sevan GM"]
[Site "Martuni ARM"]
[Date "2009.07.10"]
[Round "1"]
[White "Zhigalko,S"]
[Black "Kotanjian,T"]
[Result "1/2-1/2"]
[WhiteElo "2621"]
[BlackElo "2580"]

1.e4 e5 2.Nf3 Nc6 3.Bb5 a6 4.Ba4 Nf6 5.O-O Be7 6.Re1 b5 7.Bb3 d6 8.c3 O-O
9.h3 Bb7 10.d3 Na5 11.Bc2 c5 12.Nbd2 Nc6 13.Nf1 Re8 14.Ng3 Bf8 15.Nh2 h6
16.Qf3 g6 17.Bb3 Qe7 18.Ng4 Nxg4 19.Qxg4 Kh7 20.f4 exf4 21.Qxf4 Ne5 22.Rf1 Nxd3
23.Qxf7+ Bg7 24.Bc2 Ne5 25.Qxe7 Rxe7 26.Bf4 a5 27.Rad1 Ra6 28.Bc1 b4 29.Ne2 a4
30.Nf4 a3 31.bxa3 bxc3 32.Nd5 Bxd5 33.exd5 h5 34.Rde1 c4 35.Re3 Ra5 36.Be4 Bh6
37.Rxc3 Bxc1 38.Rcxc1 Rxa3 39.Rf6 Re3 40.Bb1 Nd3 41.Bxd3 cxd3 42.Rd1 R7e5
43.Re6 Kg7 44.a4 Rxe6 45.dxe6 Kf6 46.Kf2 Re2+ 47.Kf3 Ra2 48.Rxd3 Kxe6 49.Rd4 d5
50.Rb4 Ke5 51.Rb6 g5 52.Rg6 Kf5 53.Rd6 g4+ 54.hxg4+ hxg4+ 55.Kg3 Ra3+ 56.Kh4 Ke5
57.Ra6 g3 58.a5 d4 59.Ra8 d3 60.a6 Kf4 61.a7 Ra4 62.Kh3 d2 63.Rf8+ Ke3 64.Re8+ Kf2
65.Rd8 Ke2  1/2-1/2

[Event "1st Artemis Cup"]
[Site "Leros GRE"]
[Date "2009.07.15"]
[Round "5"]
[White "Hunt,A"]
[Black "Dimitriou,G"]
[Result "1-0"]
[WhiteElo "2428"]
[BlackElo "2166"]

1.e4 e5 2.Nf3 Nc6 3.Bb5 a6 4.Ba4 Nf6 5.O-O Be7 6.Re1 b5 7.Bb3 O-O 8.c3 d6
9.h3 Bb7 10.d4 Re8 11.Nbd2 h6 12.Nf1 Bf8 13.Ng3 g6 14.a4 exd4 15.cxd4 Nb4
16.d5 c6 17.dxc6 Nxc6 18.Bf4 Na5 19.Bc2 Nc4 20.b3 Ne5 21.axb5 axb5 22.Nd4 Rxa1
23.Qxa1 Bg7 24.Qc1 Kh7 25.Qd2 Qd7 26.Be3 Nc6 27.Nxb5 d5 28.Rd1 Rd8 29.Bb6 Rb8
30.Bc7 Rc8 31.Bf4 Ne7 32.Nd6 dxe4 33.Nxc8 Qxc8 34.Be5 e3 35.fxe3 Ned5 36.Bd4 Qc6
37.e4 Nc7 38.Qc3 Qxc3 39.Bxc3 Ne6 40.Rf1 Nxe4 41.Bxe4 Bxe4 42.Nxe4  1-0

[Event "Open"]
[Site "Rethymno GRE"]
[Date "2009.07.18"]
[Round "8"]
[White "Kryvoruchko,Y"]
[Black "Bellia,F"]
[Result "1-0"]
[WhiteElo "2611"]
[BlackElo "2414"]

1.e4 e5 2.Nf3 Nc6 3.Bb5 a6 4.Ba4 Nf6 5.O-O Be7 6.Re1 b5 7.Bb3 d6 8.c3 O-O
9.h3 Bb7 10.d4 Re8 11.Nbd2 Bf8 12.a3 h6 13.Bc2 Nb8 14.b4 Nbd7 15.Bb2 g6 16.Rc1 h5
17.c4 exd4 18.cxb5 axb5 19.Nxd4 c6 20.N2b3 Rc8 21.a4 bxa4 22.Na5 Ba8 23.Bxa4 c5
24.Ndc6 Qb6 25.e5 dxe5 26.b5 e4 27.Rb1 Re6 28.Nc4 Qc7 29.Bc3 Qf4 30.Rc1 g5
31.Ne3 g4 32.g3 Qg5 33.hxg4 hxg4 34.Kg2 Rd6 35.Qc2 Nb6 36.Rh1 Nxa4 37.Qxa4 Bxc6
38.bxc6 Rdxc6 39.Qxe4 Qg6 40.Qf4 Bg7 41.Rh4 Re6 42.Rch1 Qe4+ 43.Qxe4 Rxe4
44.Nf5 Rc6 45.Rb1 Re8 46.Rb7 Bf8 47.Ra7 Rce6 48.Ra4 Rc8 49.Raxg4+  1-0

[Event "ch-Africa"]
[Site "Tripoli LBA"]
[Date "2009.07.22"]
[Round "2"]
[White "Obiamiwe,P"]
[Black "Solomons,D"]
[Result "1/2-1/2"]
[WhiteElo "2043"]
[BlackElo "2210"]

1.e4 e5 2.Nf3 Nc6 3.Bb5 a6 4.Ba4 Nf6 5.O-O Be7 6.Re1 b5 7.Bb3 d6 8.c3 O-O
9.h3 Bb7 10.d4 Re8 11.Ng5 Rf8 12.Nf3 Re8 13.Ng5 Rf8 14.Nf3 Qd7 15.Nbd2 Rae8
16.a4 Bd8 17.axb5 axb5 18.d5 Ne7 19.Ra7 c6 20.c4 Bb6 21.Ra1 cxd5 22.cxd5 Ra8
23.Rb1 Ba5 24.Bc2 Rfc8 25.Bd3 Ng6 26.Qb3 Ba6 27.Ra1 Qc7 28.g3 Nd7 29.Qd1 Nc5
30.Bf1 Bb4 31.Re3 Ne7 32.Nb3 Na4 33.Ne1 f5 34.Nd3 Bc5 35.Ndxc5 Nxc5 36.Nxc5 Qxc5
37.b4 Qd4 38.Qxd4 exd4 39.Rea3 Bb7 40.Rxa8 Bxa8 41.f3 Ng6 42.Bxb5 Ne5 43.Be2 d3
44.Bd1 fxe4 45.fxe4 Bb7 46.Bf4  1/2-1/2

[Event "MTO"]
[Site "Biel SUI"]
[Date "2009.07.28"]
[Round "8"]
[White "Shomoev,A"]
[Black "Belov,Vl"]
[Result "1/2-1/2"]
[WhiteElo "2580"]
[BlackElo "2627"]

1.e4 e5 2.Nf3 Nc6 3.Bb5 a6 4.Ba4 Nf6 5.O-O Be7 6.Re1 b5 7.Bb3 d6 8.c3 O-O
9.h3 Bb7 10.d4 Re8 11.Nbd2 Bf8 12.a3 h6 13.Bc2 Nb8 14.a4 Nbd7 15.Bd3 c6 16.b3 Qc7
17.Qc2 Nh5 18.Bb2 Nf4 19.Bf1 Rad8 20.Rad1 Ne6 21.b4 Be7 22.c4 bxa4 23.Qxa4  1/2-1/2

[Event "Continental ch-Americas"]
[Site "Sao Paulo BRA"]
[Date "2009.07.28"]
[Round "5"]
[White "Quesada Perez,Y"]
[Black "Mareco,S"]
[Result "1/2-1/2"]
[WhiteElo "2584"]
[BlackElo "2503"]

1.e4 e5 2.Nf3 Nc6 3.Bb5 a6 4.Ba4 Nf6 5.O-O Be7 6.Re1 b5 7.Bb3 d6 8.c3 O-O
9.h3 Bb7 10.d4 Re8 11.Nbd2 Bf8 12.d5 Nb8 13.Nf1 Nbd7 14.N3h2 Nc5 15.Bc2 c6
16.b4 Ncd7 17.dxc6 Bxc6 18.Bg5 Qc7 19.Bxf6 Nxf6 20.Ng4 Nxg4 21.hxg4 a5 22.Ne3 Qb7
23.Qd3 g6 24.Rab1 Bh6 25.bxa5 Rxa5 26.Qxd6 Bxe3 27.Rxe3 Rxa2 28.Bb3 Ra6 29.Qb4 Kg7
30.g5 Bd7 31.c4 Rb8 32.Qc5 Re6 33.Rd1 bxc4 34.Qxc4 Re7 35.Qc5 Qb4 36.Rc1 Qxc5
37.Rxc5 h6 38.gxh6+ Kxh6 39.Rd3 Bb5 40.Rdc3 Kg7 41.Rc8  1/2-1/2

[Event "ch-Africa"]
[Site "Tripoli LBA"]
[Date "2009.07.29"]
[Round "8"]
[White "Obiamiwe,P"]
[Black "Salem,AliM"]
[Result "1-0"]
[WhiteElo "2043"]
[BlackElo "2131"]

1.e4 e5 2.Nf3 Nc6 3.Bb5 a6 4.Ba4 Nf6 5.O-O Be7 6.Re1 b5 7.Bb3 O-O 8.h3 d6
9.c3 Bb7 10.d4 a5 11.Nbd2 a4 12.Bc2 Nd7 13.Nf1 Bf6 14.Ne3 g6 15.Nd5 Bg7 16.Bg5 f6
17.Be3 Ne7 18.dxe5 Nxe5 19.Nd4 Nxd5 20.exd5 Bxd5 21.Nxb5 Bc6 22.Nd4 Bd7 23.f4 Nc4
24.Bc1 Re8 25.Be4 Ra5 26.Nc6 Bxc6 27.Bxc6 Rxe1+ 28.Qxe1 Kh8 29.Qe6 d5 30.Rb1 Qd6
31.Qe8+ Qf8 32.Qe6 Qc5+ 33.Kh2 Qd6 34.Qxd6 Nxd6 35.Be3 Nf5 36.Bf2 Ne7 37.Bd7 Bf8
38.Re1 Kg7 39.g4 Ng8 40.Kg2 Bd6 41.Kf3 c5 42.Rd1 c4 43.Bd4 a3 44.Rd2 h6 45.h4 Kf7
46.bxa3 Rxa3 47.Re2 Bb4 48.Be6+ Kf8 49.Rb2 Bd6 50.Rb6 h5 51.Rxd6 hxg4+ 52.Kg3 Nh6
53.Bxf6 Nf5+ 54.Bxf5 gxf5 55.Be5  1-0

[Event "MTO"]
[Site "Biel SUI"]
[Date "2009.07.30"]
[Round "10"]
[White "Kritz,L"]
[Black "Belov,Vl"]
[Result "1/2-1/2"]
[WhiteElo "2589"]
[BlackElo "2627"]

1.e4 e5 2.Nf3 Nc6 3.Bb5 a6 4.Ba4 Nf6 5.O-O Be7 6.Re1 b5 7.Bb3 d6 8.c3 O-O
9.h3 Bb7 10.d4 Re8 11.Nbd2 Bf8 12.d5 Nb8 13.Nf1 Nbd7 14.N3h2 Nc5 15.Bc2 c6
16.b4 Ncd7 17.dxc6 Bxc6 18.Bg5 h6 19.Bxf6 Qxf6 20.Ng4 Qg5 21.a4 Rec8 22.axb5 axb5
23.Qd3 h5 24.Nge3 g6 25.Rxa8 Rxa8 26.Bb3 Nb6 27.Nd5 Ra3 28.Rb1 Nxd5 29.Bxd5 Bd7
30.Re1 Kg7 31.Re3 Be8 32.Qe2 Qd8 33.Qb2 Ra7 34.Rf3 Be7 35.Rd3 Bg5 36.Nh2 Qb6
37.Nf3 Bf6 38.h4 Qa6 39.Qc2 Qc8 40.Qb2 Qg4 41.g3 Bd8 42.Nh2 Qh3 43.Rf3 Bb6
44.Nf1 Bd8 45.Nh2 Bb6  1/2-1/2

[Event "Continental ch-Americas"]
[Site "Sao Paulo BRA"]
[Date "2009.07.31"]
[Round "8"]
[White "Ivanov,AV USA"]
[Black "Perdomo,L"]
[Result "1-0"]
[WhiteElo "2527"]
[BlackElo "2387"]

1.e4 e5 2.Nf3 Nc6 3.Bb5 a6 4.Ba4 Nf6 5.O-O Be7 6.Re1 b5 7.Bb3 d6 8.c3 O-O
9.h3 Bb7 10.d4 Qd7 11.Nbd2 Rad8 12.Bc2 Rfe8 13.d5 Nb8 14.b3 c6 15.c4 g6 16.Nf1 Nh5
17.N3h2 Bf6 18.Ng4 Bg7 19.Bg5 f6 20.Bd2 Qe7 21.Nfe3 Nd7 22.dxc6 Bxc6 23.Nd5 Bxd5
24.cxd5 Rb8 25.Rc1 Rec8 26.Bb1 Nf4 27.Kh2 Nc5 28.Be3 Qd7 29.Qd2 g5 30.g3 Ng6
31.Rc3 b4 32.Rcc1 a5 33.Red1 Bf8 34.Qe2  1-0

[Event "Centroamericano & Caribbean U20 w"]
[Site "Medellin COL"]
[Date "2009.08.01"]
[Round "4"]
[White "Romero,Da"]
[Black "Martin Rosabal,N"]
[Result "0-1"]
[WhiteElo "2080"]
[BlackElo "1986"]

1.e4 e5 2.Nf3 Nc6 3.Bb5 a6 4.Ba4 Nf6 5.O-O Be7 6.Re1 b5 7.Bb3 d6 8.c3 O-O
9.h3 Bb7 10.d4 Re8 11.Nbd2 Bf8 12.d5 Nb8 13.Nf1 Nbd7 14.Ng3 Nc5 15.Bc2 c6
16.b4 Ncd7 17.dxc6 Bxc6 18.Bb3 Nb6  0-1

[Event "Czech Open A"]
[Site "Pardubice CZE"]
[Date "2009.08.01"]
[Round "9"]
[White "Hirneise,J"]
[Black "Klovans,J"]
[Result "0-1"]
[WhiteElo "2284"]
[BlackElo "2440"]

1.e4 e5 2.Nf3 Nc6 3.Bb5 a6 4.Ba4 Nf6 5.O-O Be7 6.Re1 b5 7.Bb3 d6 8.c3 O-O
9.h3 Bb7 10.d4 Re8 11.Nbd2 Bf8 12.a3 Nb8 13.Bc2 Nbd7 14.b4 a5 15.Bb2 Nb6
16.Rc1 exd4 17.Nxd4 Nc4 18.Nxc4 bxc4 19.Qf3 Re5 20.Qf4 Qe8 21.Nf3 Re7 22.Nd2 Qc6
23.Re3 Rae8 24.Rce1 Nd7 25.Qf3 g6 26.Qd1 Qa6 27.f4 Bh6 28.Qf3 Nf6 29.g3 Bg7
30.Qe2 Nd5 31.Rf3 axb4 32.axb4 Nxb4 33.Bb1 Nd3 34.Bxd3 cxd3 35.Qxd3 Qxd3
36.Rxd3 f5 37.e5 dxe5 38.Ba3 e4  0-1

[Event "Mercosur Cup"]
[Site "Villa Martelli ARG"]
[Date "2009.08.06"]
[Round "3"]
[White "Fusco,L"]
[Black "Trois,F"]
[Result "1-0"]
[WhiteElo "2419"]
[BlackElo "2342"]

1.e4 e5 2.Nf3 Nc6 3.Bb5 a6 4.Ba4 Nf6 5.O-O Be7 6.Re1 b5 7.Bb3 d6 8.c3 O-O
9.h3 Bb7 10.d4 Nd7 11.Nbd2 exd4 12.cxd4 Na5 13.Bc2 c5 14.d5 Bf6 15.Rb1 Re8
16.b3 Bc3 17.Re3 b4 18.Bb2 Bxb2 19.Rxb2 Qf6 20.Rb1 g6 21.Bd3 Ne5 22.Nxe5 Qxe5
23.Qe2 f6 24.g3 Qe7 25.Re1 Bc8 26.f4 Qc7 27.g4 Qb6 28.Nc4 Nxc4 29.Bxc4 Ra7
30.e5 fxe5 31.fxe5 Rae7 32.e6 Rf8 33.Rf1  1-0

[Event "Jubilee Open"]
[Site "Zuerich SUI"]
[Date "2009.08.12"]
[Round "6"]
[White "Fedorchuk,S"]
[Black "Jovanic,O"]
[Result "0-1"]
[WhiteElo "2655"]
[BlackElo "2541"]

1.e4 e5 2.Nf3 Nc6 3.Bb5 a6 4.Ba4 Nf6 5.O-O Be7 6.Re1 b5 7.Bb3 d6 8.c3 O-O
9.h3 Bb7 10.d4 Re8 11.a4 Bf8 12.d5 Na5 13.Ba2 c6 14.Bg5 cxd5 15.Bxd5 Bxd5
16.Bxf6 Qxf6 17.Qxd5 Qe6 18.Qa2 b4 19.cxb4 Qxa2 20.Rxa2 Nc6 21.Ra3 Nxb4 22.Rb3 Rab8
23.Nbd2 f6 24.Rc1 d5 25.exd5 Nxd5 26.Rxb8 Rxb8 27.b3 Nb4 28.Rc7 Nd3 29.Rc3 Rd8
30.Rc6 a5 31.Nc4 Bb4 32.g3 Nc1 33.Rb6 h5 34.Nh4 Rd3 35.Rb8+ Kh7 36.Rb7 Ne2+
37.Kg2 Nd4 38.Ra7 Rxb3 39.Ne3 Rb2 40.Nhf5 Nxf5 41.Nxf5 Rxf2+  0-1

[Event "A2Bmedialtd.com Int Gp A"]
[Site "Uxbridge ENG"]
[Date "2009.08.14"]
[Round "5"]
[White "Adair,J"]
[Black "Savage,B"]
[Result "1-0"]
[WhiteElo "2124"]
[BlackElo "2324"]

1.e4 e5 2.Nf3 Nc6 3.Bb5 a6 4.Ba4 Nf6 5.O-O Be7 6.Re1 b5 7.Bb3 d6 8.c3 O-O
9.h3 Bb7 10.d4 Re8 11.Ng5 Rf8 12.Nf3 h6 13.Nbd2 Re8 14.Nf1 Bf8 15.Ng3 Na5
16.Bc2 c5 17.d5 Nc4 18.b3 Nb6 19.Be3 a5 20.a4 bxa4 21.bxa4 Ba6 22.Bd3 Bxd3
23.Qxd3 Qd7 24.Reb1 Reb8 25.Qc2 Rb7 26.Nd2 Rab8 27.Rb5 Na8 28.Rxb7 Rxb7 29.Nc4 Qc7
30.Rb1 Ra7 31.Qb3 Nd7 32.Qb5 g6 33.f4 f6 34.h4 exf4 35.Bxf4 h5 36.Qc6 Ne5
37.Nxe5 fxe5 38.Qxc7 Nxc7 39.Bg5 Ne8 40.Rb8 Kf7 41.Nf1 Be7 42.Ne3 Nc7 43.Nc4 Ne8
44.Kf2 Bxg5 45.hxg5 Ke7 46.Ke3 Kd7 47.Nb6+ Kc7 48.Rxe8 Kxb6 49.Re6 Rd7 50.Rxg6 Kc7
51.Rh6 Rg7 52.Rxh5 c4 53.Kf3 Rf7+ 54.Kg3 Kd8 55.g6 Rg7 56.Rg5 Ke7 57.Kg4 Ke8
58.Kf5 Ke7 59.Rh5  1-0

[Event "BDO Premier"]
[Site "Haarlem NED"]
[Date "2009.08.16"]
[Round "2"]
[White "Solleveld,Maa"]
[Black "Nijboer,F"]
[Result "1/2-1/2"]
[WhiteElo "2485"]
[BlackElo "2552"]

1.e4 e5 2.Nf3 Nc6 3.Bb5 a6 4.Ba4 Nf6 5.O-O Be7 6.Re1 b5 7.Bb3 d6 8.c3 O-O
9.h3 Bb7 10.d4 Re8 11.Nbd2 Bf8 12.Bc2 g6 13.d5 Nb8 14.b3 c6 15.c4 Nbd7 16.a4 Qc7
17.Ba3 bxc4 18.bxc4 a5 19.Bd3 Ba6 20.Bf1 Rec8 21.g3 Qa7 22.Nb3 cxd5 23.cxd5 Bxf1
24.Kxf1 Nb6 25.Nfd2 Nxa4 26.Kg2 Ne8 27.Qe2 Qb7 28.Rec1 f5  1/2-1/2

[Event "RUS-CHN Match w Standard"]
[Site "Sochi RUS"]
[Date "2009.08.16"]
[Round "2"]
[White "Xu Yuhua"]
[Black "Kosintseva,T"]
[Result "1-0"]
[WhiteElo "2485"]
[BlackElo "2539"]

1.e4 e5 2.Nf3 Nc6 3.Bb5 a6 4.Ba4 Nf6 5.O-O Be7 6.Re1 b5 7.Bb3 d6 8.c3 O-O
9.h3 Bb7 10.d4 Re8 11.Nbd2 Bf8 12.d5 Nb8 13.Nf1 Nbd7 14.N3h2 Nc5 15.Bc2 c6
16.b4 Ncd7 17.dxc6 Bxc6 18.Bg5 Qc7 19.Bxf6 Nxf6 20.Ng4 Nxg4 21.hxg4 Be7 22.Ne3 Bg5
23.Qd3 Bxe3 24.Rxe3 Bd7 25.g5 Be6 26.Bb3 Qc6 27.Rd1 Bxb3 28.axb3 Re6 29.Qd5 Rc8
30.c4 h6 31.gxh6 Rxh6 32.Rc3 bxc4 33.Rxc4 Qd7 34.Qxe5 dxe5 35.Rxd7 Rhc6 36.Rxc6 Rxc6
37.b5 axb5 38.Rd5 b4 39.Rb5 Rc1+ 40.Kh2 Rc2 41.f3 Rb2 42.Rxb4 g6 43.Rb5 Kg7
44.Kh3 Kh6 45.g3 Kg7 46.Kg4 Rb1 47.Rb6 Kh6 48.Rb7 Kg7 49.b4 Rb3 50.Rb5 Kf6
51.Rb6+ Kg7 52.Rb5 Kf6 53.f4 exf4 54.gxf4 Rb1 55.e5+ Ke6 56.Rb6+ Ke7 57.Kf3 Re1
58.Rb5 Ke6 59.Rb8 Ke7 60.b5 g5 61.b6 Kd7 62.Rf8 Kc6 63.Rxf7 Kxb6 64.Rf6+ Kc7
65.fxg5 Rxe5 66.Kg4 Kd7 67.g6 Ke7 68.Rf5 Re1 69.Kg5 Ke6 70.Rf2 Rg1+ 71.Kh6 Rh1+
72.Kg7 Ra1 73.Kh7 Rh1+ 74.Kg8 Ke7 75.g7 Ra1 76.Rh2  1-0

[Event "2nd Bolivar Open"]
[Site "Buenos Aires ARG"]
[Date "2009.08.30"]
[Round "6"]
[White "Perez Ponsa,F"]
[Black "Mareco,S"]
[Result "1/2-1/2"]
[WhiteElo "2390"]
[BlackElo "2503"]

1.e4 e5 2.Nf3 Nc6 3.Bb5 a6 4.Ba4 Nf6 5.O-O Be7 6.Re1 b5 7.Bb3 d6 8.c3 O-O
9.h3 Bb7 10.d4 Re8 11.Nbd2 Bf8 12.a4 h6 13.d5 Nb8 14.c4 c6 15.axb5 axb5 16.Rxa8 Bxa8
17.cxb5 cxd5 18.exd5 Bxd5 19.Bxd5 Nxd5 20.Nc4 Nb6 21.Nfxe5 Qc7 22.Nxb6  1/2-1/2

[Event "XIX EYCC Boys U18"]
[Site "Fermo ITA"]
[Date "2009.09.06"]
[Round "6"]
[White "Poetz,F"]
[Black "Sabuk,P"]
[Result "0-1"]
[WhiteElo "2364"]
[BlackElo "2216"]

1.e4 e5 2.Nf3 Nc6 3.Bb5 a6 4.Ba4 Nf6 5.O-O Be7 6.Re1 b5 7.Bb3 d6 8.c3 O-O
9.h3 Bb7 10.d4 Re8 11.a4 Bf8 12.d5 Nb8 13.axb5 axb5 14.Rxa8 Bxa8 15.Na3 c6
16.dxc6 Bxc6 17.Bg5 Nbd7 18.Nc2 Qa8 19.Bxf6 Nxf6 20.Nb4 Bb7 21.Ng5 Re7 22.Qxd6 h6
23.Nf3 Nxe4 24.Rxe4 Bxe4 25.Nxe5 Qa1+ 26.Kh2 Qxb2 27.Nbc6 Bxc6 28.Nxc6 Re6
29.Qd5 Bd6+  0-1